000 00678nam a2200289Ia 4500
008 160321s9999||||xx |||||||||||||| ||und||
040 _cEnglish
082 _aXI.C Rhysdavids
082 _bBORI-50931
100 _aRhys Davids
245 _aTo Become or Not To Become
260 _aLondon
260 _bLuzac and Co.
260 _c1937
300 _a104
300 _cA
300 _eHandbound
530 _u00066370.pdf
563 _aStudy
600 _aRhys Davids
630 _aTo Become or Not To Become
650 _aGeneral Indology
650 _aPhilosophy
700 _aRhys Davids
730 _aTo Become or Not To Become
942 _cBOOK
999 _c1363748
_d1363745